Radosť Wenzelovej, smútok Charvátovej Svetový pohár zjazdárov

Podrobná bibliografia
Hlavní autori: (sh) (Autor), Hlaváček, Stanislav (Autor)
Médium: Článok
Jazyk:slovenčina
Predmet:

MARC

LEADER 00000nab a2200000 a 4500
001 vtls000021335
003 SK-MaSNL
005 20260304173440.0
008 160211c1979 xo 0 slo
015 |a SNBRB19rr/mm-uuuuu 
035 |a CL0031429 
040 |a SNKBUCL  |b slo  |c SNKBUCL  |e AACR2 
041 0 |a slo 
044 |a xo  |c SK 
080 |a 796.9  |2 1981 
100 1 |a (sh)  |4 aut  |9 921801 
245 1 0 |a Radosť Wenzelovej, smútok Charvátovej  |b Svetový pohár zjazdárov  |c (sh) ; Stanislav Hlaváček 
650 0 7 |a lyžovanie  |2 snkbucl  |9 3256 
650 0 7 |a Svetový pohár  |2 snkbucl  |9 842306 
655 7 |a články z novín a časopisov  |2 snkbucl  |9 267496 
700 1 |a Hlaváček, Stanislav  |4 aut  |9 513606 
773 0 |t Šport  |g Roč. 31, č. 34 (9. 2. 1979), s. 6 
850 |a Slovenská národná knižnica v Martine  |a MTA001 
852 |a SNK  |b KIS3GCP 
958 |a RK 
992 |a RBX 
999 |c 3003392  |d 3005322